| 000 | 00366nam a22001337a 4500 | ||
|---|---|---|---|
| 082 |
_a355.009 _bDAV _cD |
||
| 100 |
_aJ.L Davies _948629 |
||
| 245 |
_aFinland the first total war _cJ.L Davies |
||
| 260 |
_aLondon _bGeorge Routledge & sons _c1940 |
||
| 300 |
_a202 p. _bill. _c24 cm |
||
| 526 |
_a0 _b0 _c0 _d355_009000000000000_DAV |
||
| 650 |
_aD _96527 |
||
| 942 |
_2ddc _cBK |
||
| 999 |
_c551497 _d551497 |
||